000 00429nam a2200181Ia 4500
005 20250425161134.0
008 250425s9999 xx 000 0 und d
041 _aeng
082 _a515.7
100 _aFLEMING, WENDELL H.
245 0 _aFUNCTIONS OF SEVERAL VARIABLES
250 _a1ST ED.
260 _aEstados Unidos
_bADDISON - WESLEY
_c1965
260 _aNEW YORK
300 _a337
942 _c01
010 _a13561
999 _c203201
_d203201